| 000 | 00361nam a2200145Ia 4500 | ||
|---|---|---|---|
| 008 | 150201s1998 xx 000 0 und d | ||
| 082 |
_a617.695 _bB1998M |
||
| 100 | _aMANAPPALLIL | ||
| 245 | _aBASIC DENTAL MATERIALS | ||
| 250 | _a1ST | ||
| 260 |
_bJAYPEE MEDICAL PUBLISHER _aDELHI _c1998 |
||
| 300 | _a1-392 | ||
| 650 | _aDENTAL MATERIAL | ||
| 942 |
_2ddc _cBK _037 |
||
| 999 |
_c2524 _d2524 |
||